| 000 | 00549nam a22001937a 4500 | ||
|---|---|---|---|
| 999 |
_c170241 _d170241 |
||
| 005 | 20191212131755.0 | ||
| 010 | _aA-645045 | ||
| 020 | _c150.00 | ||
| 035 | _aA-645045 | ||
| 037 | _bBPPD/Pub. | ||
| 082 | _a320.95491 | ||
| 100 | _aمنیر احمد | ||
| 245 |
_aقوج اور عدلیہ / _cمنیر احمد |
||
| 246 |
_aFauj Aur Adliyah (Urdu) / _bby Maneer Ahmed |
||
| 260 |
_aLucknow _bFrontier Lost Publications _c1993 ء |
||
| 270 |
_a- _b- _e- |
||
| 300 |
_a240p. _c20cm(Hb) |
||
| 942 |
_2ddc _cUR _h320.95491 _mم ن ی |
||